<?xml version="1.0" encoding="UTF-8"?>
<collection xmlns="http://www.loc.gov/MARC21/slim">
 <record>
  <leader>01930nas a22003251  4500</leader>
  <controlfield tag="001">1/50409</controlfield>
  <controlfield tag="008">050316c19939999nyuqrzp           a0eng d</controlfield>
  <datafield tag="022" ind1=" " ind2=" ">
   <subfield code="a">0968-090X</subfield>
  </datafield>
  <datafield tag="035" ind1=" " ind2=" ">
   <subfield code="l">26939</subfield>
  </datafield>
  <datafield tag="040" ind1=" " ind2=" ">
   <subfield code="a">DLC</subfield>
   <subfield code="b">GR-PeUP</subfield>
  </datafield>
  <datafield tag="090" ind1=" " ind2=" ">
   <subfield code="a">Αλφαβητική σειρά</subfield>
  </datafield>
  <datafield tag="245" ind1="0" ind2="0">
   <subfield code="a">Transportation research:</subfield>
   <subfield code="b">Part C, Emerging technologies</subfield>
  </datafield>
  <datafield tag="260" ind1=" " ind2=" ">
   <subfield code="a">New York :</subfield>
   <subfield code="b">Pergamon Press,</subfield>
   <subfield code="c">1993-</subfield>
  </datafield>
  <datafield tag="300" ind1=" " ind2=" ">
   <subfield code="a">v.:</subfield>
   <subfield code="b">ill.;</subfield>
   <subfield code="c">28 cm.</subfield>
  </datafield>
  <datafield tag="310" ind1=" " ind2=" ">
   <subfield code="a">Quarterly</subfield>
  </datafield>
  <datafield tag="362" ind1="0" ind2=" ">
   <subfield code="a">Vol.10C, no.1(Feb. 2002)-v.</subfield>
  </datafield>
  <datafield tag="535" ind1="0" ind2=" ">
   <subfield code="a">Κλειστό Βιβλιοστάσιο.</subfield>
  </datafield>
  <datafield tag="546" ind1=" " ind2=" ">
   <subfield code="a">English</subfield>
  </datafield>
  <datafield tag="650" ind1=" " ind2="4">
   <subfield code="a">Transportation</subfield>
   <subfield code="v">Periodicals.</subfield>
  </datafield>
  <datafield tag="650" ind1=" " ind2="4">
   <subfield code="a">Transportation</subfield>
   <subfield code="x">Technological innovations</subfield>
   <subfield code="v">Periodicals.</subfield>
  </datafield>
  <datafield tag="852" ind1=" " ind2=" ">
   <subfield code="a">INST</subfield>
   <subfield code="b">UNIPILB</subfield>
   <subfield code="c">SERIALS</subfield>
   <subfield code="e">20050316</subfield>
   <subfield code="h">Αλφαβητική σειρά</subfield>
   <subfield code="p">41365</subfield>
   <subfield code="q">41365</subfield>
   <subfield code="t">NOLOAN</subfield>
   <subfield code="v">volC.10;no.1:(Μήνας)February;(Έτος)2002</subfield>
   <subfield code="y">23</subfield>
  </datafield>
  <datafield tag="852" ind1=" " ind2=" ">
   <subfield code="a">INST</subfield>
   <subfield code="b">UNIPILB</subfield>
   <subfield code="c">SERIALS</subfield>
   <subfield code="e">20050316</subfield>
   <subfield code="h">Αλφαβητική σειρά</subfield>
   <subfield code="p">41366</subfield>
   <subfield code="q">41366</subfield>
   <subfield code="t">NOLOAN</subfield>
   <subfield code="v">volC.10;no.2:(Μήνας)April;(Έτος)2002</subfield>
   <subfield code="y">23</subfield>
  </datafield>
  <datafield tag="852" ind1=" " ind2=" ">
   <subfield code="a">INST</subfield>
   <subfield code="b">UNIPILB</subfield>
   <subfield code="c">SERIALS</subfield>
   <subfield code="e">20050316</subfield>
   <subfield code="h">Αλφαβητική σειρά</subfield>
   <subfield code="p">41367</subfield>
   <subfield code="q">41367</subfield>
   <subfield code="t">NOLOAN</subfield>
   <subfield code="v">volC.10;no.3:(Μήνας)June;(Έτος)2002</subfield>
   <subfield code="y">23</subfield>
  </datafield>
  <datafield tag="852" ind1=" " ind2=" ">
   <subfield code="a">INST</subfield>
   <subfield code="b">UNIPILB</subfield>
   <subfield code="c">SERIALS</subfield>
   <subfield code="e">20050316</subfield>
   <subfield code="h">Αλφαβητική σειρά</subfield>
   <subfield code="p">41368</subfield>
   <subfield code="q">41368</subfield>
   <subfield code="t">NOLOAN</subfield>
   <subfield code="v">volC.10;no.4:(Μήνας)August;(Έτος)2002</subfield>
   <subfield code="y">23</subfield>
  </datafield>
  <datafield tag="852" ind1=" " ind2=" ">
   <subfield code="a">INST</subfield>
   <subfield code="b">UNIPILB</subfield>
   <subfield code="c">SERIALS</subfield>
   <subfield code="e">20050316</subfield>
   <subfield code="h">Αλφαβητική σειρά</subfield>
   <subfield code="p">41369</subfield>
   <subfield code="q">41369</subfield>
   <subfield code="t">NOLOAN</subfield>
   <subfield code="v">volC.10;no.5-6:(Μήνες)October/December;(Έτος)2002</subfield>
   <subfield code="y">23</subfield>
  </datafield>
  <datafield tag="856" ind1="4" ind2="1">
   <subfield code="u">http://www.sciencedirect.com/science?_ob=JournalURL&amp;_cdi=6040&amp;_auth=y&amp;_acct=C000006498&amp;_version=1&amp;_urlVersion=0&amp;_userid=604493&amp;md5=a024f503dfd59e1d0b672a43699db341</subfield>
  </datafield>
  <datafield tag="900" ind1=" " ind2=" ">
   <subfield code="a">Vol. C 11 no. 1 (February 2003)</subfield>
   <subfield code="b">Οφειλόμενο</subfield>
   <subfield code="c">07/04/2005</subfield>
  </datafield>
  <datafield tag="950" ind1=" " ind2=" ">
   <subfield code="a">01/02/2002</subfield>
   <subfield code="c">SWETS INFORMATION SERVICES</subfield>
   <subfield code="d">328</subfield>
  </datafield>
  <datafield tag="951" ind1=" " ind2=" ">
   <subfield code="a">Vol. C 10 no. 5-6  (October/December 2002)</subfield>
   <subfield code="b">Main run</subfield>
  </datafield>
  <datafield tag="951" ind1=" " ind2=" ">
   <subfield code="a">Vol. C 10 no. 1 (February 2002) - Vol. C 10 no. 4 (August 2002)</subfield>
   <subfield code="b">Main run</subfield>
  </datafield>
 </record>
</collection>
